Top scorers for Portugal in the 21st century - Statistics

General Stats
  • This quiz has been taken 17 times
  • The average score is 14 of 25
Answer Stats
Answer % Correct
Cristiano Ronaldo
100%
Pepe
94%
Nani
88%
Luis Figo
81%
Bruno Fernandes
75%
Pauleta
75%
Ricardo Quaresma
75%
Andre Silva
69%
Bernardo Silva
69%
Joao Felix
69%
Diogo Jota
63%
Joao Cancelo
63%
Joao Moutinho
63%
Rui Costa
63%
Goncalo Ramos
56%
Nuno Gomes
50%
Eder
44%
Helder Postiga
44%
Maniche
38%
Bruno Alves
31%
Hugo Almeida
31%
Sergio Conceicao
31%
Goncalo Guedes
25%
Raul Meireles
25%
Simao
25%
No matching quizzes found
Score Distribution
Percent of People with Each Score
Percentile by Number Answered
Your Score History
You have not taken this quiz